Thank You - Clairo (lyrics) - Statistics

General Stats
  • This quiz has been taken 18 times
  • The average score is 187 of 249
Answer Stats
Answer % Correct
I
100%
when
100%
When
100%
you
100%
you,
100%
you.
100%
do
92%
it
92%
it,
92%
it.
92%
me
92%
me.
92%
on,
92%
on
92%
Ooh,
92%
ooh,
92%
ooh.
92%
the
92%
door,
83%
for
83%
in
83%
open.
83%
really
83%
Sometimes
83%
thank
83%
Thank
83%
time.
83%
time
83%
to
83%
We
83%
wide
83%
your
83%
admit
75%
And
75%
and
75%
be?
75%
get
75%
hate
75%
if
75%
If
75%
knew
75%
line.
75%
met
75%
my
75%
one
75%
personality.
75%
pride
75%
put
75%
were
75%
wonder
75%
comes
67%
i'd
67%
I'd
67%
opened
67%
threes.
67%
all
58%
All
58%
always
58%
could
58%
cracked
58%
doesn't
58%
don't
58%
how
58%
How
58%
left
58%
make
58%
because
50%
can
50%
can't
50%
'Cause
50%
doors
50%
laugh,
50%
right
50%
see
50%
walk
50%
Why
50%
about
42%
away,
42%
maybe.
42%
sit
42%
Somethin'
42%
them
42%
tried,
42%
want
42%
with
42%
you'll
42%
anything
33%
But
33%
happen
33%
just
33%
lonely,
33%
more
33%
naturally?
33%
of
33%
this
33%
what
33%
you're
33%
aligns,
25%
invest
25%
memory.
25%
prefer
25%
somebody
25%
someone
25%
up,
25%
way
25%
drink
17%
it's
17%
feeling,
8%
mean
8%
That's
8%
No matching quizzes found
Score Distribution
Percent of People with Each Score
Percentile by Number Answered
Your Score History
You have not taken this quiz